[Event "Isle of Wight International"]
[Site "Ryde"]
[Date "2025.02.22"]
[Round "7.50"]
[White "Freeland, Alex"]
[Black "Rzepka, Marcin"]
[Result "1-0"]
[WhiteElo "2025"]
[BlackElo "1750"]
[PlyCount "109"]
[EventDate "2025.02.18"]
[EventType "swiss"]
[EventRounds "9"]
[EventCountry "ENG"]
[SourceTitle "BritBase"]
[Source "John Saunders"]
[SourceDate "2025.02.21"]
[SourceVersion "1"]
[SourceVersionDate "2025.02.21"]
[SourceQuality "1"]

1. d4 d5 2. Nf3 c6 3. Bf4 h6 4. e3 Nf6 5. c4 e6 6. Nc3 Bd6 7. Ne5 O-O 8. Bd3 dxc4 9. Bxc4 Nd5 10. Bg3 Bb4 11. Rc1 Nd7 12. Nd3 Nxc3 13. bxc3 Ba3 14. Rb1 Qa5 15. Qd2 Nf6 16. f3 Nd5 17. e4 b5 18. Bxd5 cxd5 19. e5 Bd7 20. O-O Rfc8 21. Be1 Rc7 22. f4 Rac8 23. Qe2 Qb6 24. Bd2 a5 25. g4 b4 26. f5 Rxc3 27. Bxc3 Rxc3 28. Nc5 Bb5 29. Qf2 Bxf1 30. Rxf1 b3 31. Na4 Qc7 32. Nxc3 Qxc3 33. axb3 Bb2 34. fxe6 fxe6 35. Kg2 Qxd4 36. Qxd4 Bxd4 37. Rd1 Bxe5 38. Re1 Bc3 39. Rxe6 d4 40. Rc6 Bb4 41. Rc8+ Kf7 42. Rd8 Bc3 43. Kf3 Ke7 44. Rc8 Kf6 45. Rc7 Kg6 46. Ke4 Kf6 47. h4 Kg6 48. Rc6+ Kf7 49. Ke5 Bb2 50. Rc7+ Kg6 51. h5+ Kh7 52. Ke4 Kg8 53. Rd7 Kf8 54. Kf5 Ke8 55. Ke4 1-0

[Event "Isle of Wight International"]
[Site "Ryde"]
[Date "2025.02.22"]
[Round "7.51"]
[White "Ding, Yiwen"]
[Black "Vashisht-Pigem, Raman"]
[Result "0-1"]
[WhiteElo "1772"]
[BlackElo "2023"]
[PlyCount "104"]
[EventDate "2025.02.18"]
[EventType "swiss"]
[EventRounds "9"]
[EventCountry "ENG"]
[SourceTitle "BritBase"]
[Source "John Saunders"]
[SourceDate "2025.02.21"]
[SourceVersion "1"]
[SourceVersionDate "2025.02.21"]
[SourceQuality "1"]

1. d4 Nf6 2. c4 e6 3. Nf3 b6 4. g3 Bb7 5. Bg2 Bb4+ 6. Bd2 Be7 7. Nc3 O-O 8. O-O d5 9. cxd5 exd5 10. Rc1 Ne4 11. Bf4 c5 12. dxc5 Bxc5 13. Nxe4 dxe4 14. Qxd8 Rxd8 15. Ng5 Re8 16. b4 Bxb4 17. Rc7 Bd5 18. Rd1 h6 19. Rxd5 hxg5 20. Bxg5 Bc5 21. Be3 Na6 22. Rb7 Bxe3 23. fxe3 Nc5 24. Rc7 Rec8 25. Rxc8+ Rxc8 26. Re5 f6 27. Re7 a5 28. Bxe4 Nxe4 29. Rxe4 Rc2 30. Kf2 Rxa2 31. Re6 b5 32. Rb6 Rb2 33. e4 a4 34. Ra6 Rb3 35. Ra5 a3 36. Ke1 b4 37. Kd1 Rb2 38. Kc1 Rxe2 39. Ra4 Rxe4 40. Kb1 Re1+ 41. Kc2 Re2+ 42. Kd3 Rb2 43. Ke4 a2 44. Kf5 Kh7 45. h3 b3 46. Rh4+ Kg8 47. Ra4 Kf7 48. Ra7+ Ke8 49. Ke6 Re2+ 50. Kd6 Re1 51. Ra8+ Kf7 52. Ra7+ Kg6 0-1

[Event "Isle of Wight International"]
[Site "Ryde"]
[Date "2025.02.22"]
[Round "7.52"]
[White "Vadalia, Jainill"]
[Black "Maton, Emily"]
[Result "1/2-1/2"]
[WhiteElo "1998"]
[BlackElo "1886"]
[PlyCount "58"]
[EventDate "2025.02.18"]
[EventType "swiss"]
[EventRounds "9"]
[EventCountry "ENG"]
[SourceTitle "BritBase"]
[Source "John Saunders"]
[SourceDate "2025.02.21"]
[SourceVersion "1"]
[SourceVersionDate "2025.02.21"]
[SourceQuality "1"]

1. d4 d5 2. c4 dxc4 3. e3 e5 4. Bxc4 exd4 5. exd4 Bd6 6. Nc3 Nf6 7. Nf3 O-O 8. O-O Bg4 9. h3 Bh5 10. Be3 Nc6 11. Rc1 a6 12. Be2 Re8 13. a3 h6 14. Qb3 Qd7 15. Rfd1 Bg6 16. Ne5 Nxe5 17. dxe5 Rxe5 18. Qxb7 Rae8 19. Bf3 Ne4 20. Nxe4 Bxe4 21. Bxe4 Rxe4 22. Qxa6 Qe6 23. Qb5 Re7 24. Re1 Re5 25. Qd3 Re4 26. Qc3 Be5 27. Qc2 Bd6 28. Qc3 Be5 29. Qc2 Bd6 1/2-1/2

[Event "Isle of Wight International"]
[Site "Ryde"]
[Date "2025.02.22"]
[Round "7.53"]
[White "Pai, Sidhanth"]
[Black "Mokhber-Garcia, Sebastian"]
[Result "1/2-1/2"]
[WhiteElo "1746"]
[BlackElo "1974"]
[PlyCount "152"]
[EventDate "2025.02.18"]
[EventType "swiss"]
[EventRounds "9"]
[EventCountry "ENG"]
[SourceTitle "BritBase"]
[Source "John Saunders"]
[SourceDate "2025.02.21"]
[SourceVersion "1"]
[SourceVersionDate "2025.02.21"]
[SourceQuality "1"]

1. e4 e5 2. Nf3 Nc6 3. Bb5 Nf6 4. Qe2 a6 5. Ba4 b5 6. Bb3 Be7 7. c3 d6 8. O-O Na5 9. Bc2 c5 10. a4 Rb8 11. d4 Nc6 12. Rd1 Qc7 13. h3 h6 14. Be3 g5 15. axb5 axb5 16. Nh2 Rg8 17. Ng4 Bxg4 18. hxg4 Qc8 19. dxc5 dxc5 20. Rd5 Nxd5 21. exd5 Nd8 22. Nd2 f6 23. Ne4 Nf7 24. Qf3 Kf8 25. Rd1 Kg7 26. d6 Bd8 27. Nxc5 Rb6 28. d7 Qc7 29. Qf5 Kf8 30. Ne6+ Rxe6 31. Qxe6 Qc4 32. Qd5 Qxg4 33. Bc5+ Kg7 34. Qd3 f5 35. Qxf5 Qxf5 36. Bxf5 Bc7 37. g4 Ra8 38. Be4 Rh8 39. Be7 Rb8 40. Rd5 Rb6 41. d8=Q Bxd8 42. Bxd8 Rb8 43. Bc7 Rc8 44. Bxe5+ Kf8 45. Rxb5 Re8 46. Rb8 Nxe5 47. Rxe8+ Kxe8 48. f3 Nc4 49. b3 Nd2 50. Bd5 Kd7 51. Kf2 Kd6 52. Ke2 Nb1 53. c4 Nc3+ 54. Kd2 Na2 55. Be4 Kc5 56. Bb1 Nb4 57. Kc3 Nc6 58. Be4 Nb4 59. Kb2 Na6 60. Ka3 Nb4 61. Ka4 Na2 62. Ka5 Nb4 63. Bb1 Nc6+ 64. Ka4 Nb4 65. Bf5 Nc6 66. Ka3 Nb4 67. Kb2 Kd4 68. Be4 Na6 69. Kc2 Nb4+ 70. Kd2 Na2 71. Kc2 Nb4+ 72. Kb2 Na6 73. Ka3 Kc5 74. Ka4 Nb4 75. Ka5 Na2 76. Ka6 Nc1 1/2-1/2

[Event "Isle of Wight International"]
[Site "Ryde"]
[Date "2025.02.22"]
[Round "7.55"]
[White "Collyer, David"]
[Black "Buchwald, Filip"]
[Result "1/2-1/2"]
[WhiteElo "1929"]
[BlackElo "1636"]
[PlyCount "62"]
[EventDate "2025.02.18"]
[EventType "swiss"]
[EventRounds "9"]
[EventCountry "ENG"]
[SourceTitle "BritBase"]
[Source "John Saunders"]
[SourceDate "2025.02.21"]
[SourceVersion "1"]
[SourceVersionDate "2025.02.21"]
[SourceQuality "1"]

1. e4 e5 2. Nf3 Nf6 3. Nxe5 d6 4. Nf3 Nxe4 5. d4 d5 6. Bd3 Bf5 7. O-O Bd6 8. Nc3 Nxc3 9. bxc3 Bxd3 10. Qxd3 O-O 11. c4 dxc4 12. Qxc4 Nd7 13. Qd3 h6 14. c4 c5 15. d5 Ne5 16. Nxe5 Bxe5 17. Rb1 b6 18. Bb2 Bxb2 19. Rxb2 Re8 20. a4 Qd6 21. a5 Rab8 22. axb6 Rxb6 23. Ra2 Re7 24. Rfa1 Rbb7 25. g3 Qg6 26. Qxg6 fxg6 27. Ra6 Re4 28. Rxg6 Rxc4 29. Rc6 Rd7 30. d6 Rd4 31. Rc7 R4xd6 1/2-1/2

[Event "Isle of Wight International"]
[Site "Ryde"]
[Date "2025.02.22"]
[Round "7.56"]
[White "Sivanesan, Subramanian"]
[Black "Sasikumar, Srivathsan"]
[Result "1-0"]
[WhiteElo "1894"]
[BlackElo "1992"]
[PlyCount "81"]
[EventDate "2025.02.18"]
[EventType "swiss"]
[EventRounds "9"]
[EventCountry "ENG"]
[SourceTitle "BritBase"]
[Source "John Saunders"]
[SourceDate "2025.02.21"]
[SourceVersion "1"]
[SourceVersionDate "2025.02.21"]
[SourceQuality "1"]

1. e4 c5 2. Nf3 Nc6 3. d4 cxd4 4. Nxd4 g6 5. c4 Nf6 6. Nc3 d6 7. Be2 Nxd4 8. Qxd4 Bg7 9. O-O O-O 10. Qd3 Be6 11. Be3 Rc8 12. b3 a6 13. Rac1 Nd7 14. f3 Qa5 15. Bd2 Ne5 16. Qe3 Nc6 17. Kh1 Qd8 18. Rfd1 Bd4 19. Qd3 f5 20. Bh6 Bg7 21. Qe3 Qa5 22. Bxg7 Kxg7 23. exf5 Bxf5 24. Rd5 Qd8 25. Rcd1 Qe8 26. c5 dxc5 27. g4 Bc2 28. R1d2 Nd4 29. Qe5+ Kg8 30. Rxc5 Rxc5 31. Qxc5 Nxe2 32. Rxe2 Qf7 33. Qe3 Bxb3 34. axb3 Qxb3 35. Ne4 Qd5 36. Rd2 Qb5 37. Kg2 Qc6 38. Qh6 e5 39. Ng5 Qc7 40. Ne6 Qf7 41. Qxf8+ 1-0

[Event "Isle of Wight International"]
[Site "Ryde"]
[Date "2025.02.22"]
[Round "7.57"]
[White "Lukhi, Neev"]
[Black "Li, Harvey"]
[Result "1-0"]
[WhiteElo "1963"]
[BlackElo "1766"]
[PlyCount "95"]
[EventDate "2025.02.18"]
[EventType "swiss"]
[EventRounds "9"]
[EventCountry "ENG"]
[SourceTitle "BritBase"]
[Source "John Saunders"]
[SourceDate "2025.02.21"]
[SourceVersion "1"]
[SourceVersionDate "2025.02.21"]
[SourceQuality "1"]

1. d4 e6 2. Bf4 d5 3. e3 Nf6 4. Nf3 Bd6 5. Bg3 c5 6. Nbd2 Qc7 7. c3 O-O 8. Ne5 Nbd7 9. f4 b5 10. Be2 c4 11. O-O a5 12. Qc2 b4 13. e4 a4 14. Nexc4 dxc4 15. e5 Be7 16. exf6 Bxf6 17. f5 Qa7 18. fxe6 fxe6 19. Bxc4 a3 20. Bxe6+ Kh8 21. Bf2 axb2 22. Qxb2 bxc3 23. Qxc3 Ba6 24. Rfe1 Rac8 25. Qb4 Rcd8 26. Ne4 Nb8 27. Nxf6 Rxf6 28. Qc5 Qxc5 29. dxc5 Rdf8 30. Bd4 Rg6 31. Bd5 Bb5 32. a4 Bc6 33. Bxc6 Nxc6 34. Be5 Nb4 35. Bd6 Ra8 36. Rab1 Nc2 37. Re2 Nd4 38. Reb2 h6 39. Rb8+ Rxb8 40. Rxb8+ Kh7 41. Rb2 Re6 42. Rd2 Nc6 43. Bg3 Re4 44. Rd6 Na5 45. c6 Rc4 46. c7 Rc1+ 47. Kf2 Rc2+ 48. Ke1 1-0

[Event "Isle of Wight International"]
[Site "Ryde"]
[Date "2025.02.22"]
[Round "7.58"]
[White "Smith, Steve"]
[Black "Ward, Cian"]
[Result "1/2-1/2"]
[WhiteElo "1867"]
[BlackElo "1866"]
[PlyCount "38"]
[EventDate "2025.02.18"]
[EventType "swiss"]
[EventRounds "9"]
[EventCountry "ENG"]
[SourceTitle "BritBase"]
[Source "John Saunders"]
[SourceDate "2025.02.21"]
[SourceVersion "1"]
[SourceVersionDate "2025.02.21"]
[SourceQuality "1"]

1. e4 e6 2. d4 d5 3. e5 c5 4. c3 Nc6 5. Nf3 Nge7 6. a3 Nf5 7. b4 cxd4 8. cxd4 Qb6 9. Bb2 Bd7 10. g4 Nfe7 11. Nc3 h5 12. Na4 Qc7 13. g5 a6 14. Bd3 Nf5 15. Rc1 b5 16. Nc5 Bxc5 17. dxc5 Nce7 18. Qe2 O-O 19. Nd4 g6 1/2-1/2

[Event "Isle of Wight International"]
[Site "Ryde"]
[Date "2025.02.22"]
[Round "7.59"]
[White "Jacobs, Simon"]
[Black "Varro, Daniel"]
[Result "0-1"]
[WhiteElo "1775"]
[BlackElo "1925"]
[PlyCount "56"]
[EventDate "2025.02.18"]
[EventType "swiss"]
[EventRounds "9"]
[EventCountry "ENG"]
[SourceTitle "BritBase"]
[Source "John Saunders"]
[SourceDate "2025.02.21"]
[SourceVersion "1"]
[SourceVersionDate "2025.02.21"]
[SourceQuality "1"]

1. e4 e6 2. d4 d5 3. Nd2 Nc6 4. Ngf3 Nf6 5. e5 Nd7 6. Be2 f6 7. exf6 Qxf6 8. Nf1 Bd6 9. Ne3 b6 10. O-O Bb7 11. b3 O-O-O 12. Bb2 g5 13. g3 h5 14. h4 gxh4 15. Nxh4 Rhg8 16. Neg2 Ne7 17. Bxh5 Nf5 18. Nxf5 exf5 19. Qf3 Rh8 20. g4 Rdg8 21. Bc1 Qxd4 22. Be3 Qf6 23. Bf4 d4 24. Qg3 Rxh5 25. Bxd6 Rxg4 26. Qxg4 fxg4 27. Bg3 Qf3 28. Nh4 Qh1# 0-1

[Event "Isle of Wight International"]
[Site "Ryde"]
[Date "2025.02.22"]
[Round "8.2"]
[White "Beerdsen, Thomas"]
[Black "Camacho Collados, Marcos"]
[Result "1-0"]
[WhiteElo "2511"]
[BlackElo "2459"]
[PlyCount "119"]
[EventDate "2025.02.18"]
[EventType "swiss"]
[EventRounds "9"]
[EventCountry "ENG"]
[SourceTitle "BritBase"]
[Source "John Saunders"]
[SourceDate "2025.02.21"]
[SourceVersion "1"]
[SourceVersionDate "2025.02.21"]
[SourceQuality "1"]

1. e4 e5 2. Nf3 Nc6 3. Bc4 Nf6 4. d4 exd4 5. e5 d5 6. Bb5 Nd7 7. O-O Be7 8. c3 dxc3 9. Nxc3 Nb6 10. a4 a5 11. Be3 Be6 12. Nd4 Bd7 13. Nb3 Nb4 14. Bxb6 cxb6 15. Qg4 g6 16. e6 Bxb5 17. exf7+ Kxf7 18. Nxb5 Re8 19. Rae1 Kg8 20. Re6 Bf8 21. N3d4 Re7 22. Rfe1 Qd7 23. h3 Rae8 24. Rxg6+ hxg6 25. Qxd7 Rxd7 26. Rxe8 Kf7 27. Re3 Bg7 28. Rf3+ Ke7 29. Re3+ Kf7 30. b3 Nc6 31. Rf3+ Kg8 32. Rd3 Re7 33. g3 Re1+ 34. Kg2 Rb1 35. Nf3 Nb4 36. Re3 Nc6 37. Re8+ Bf8 38. Nc3 Rxb3 39. Nxd5 Kf7 40. Rc8 Bh6 41. Rh8 Bc1 42. Rh7+ Ke6 43. Nc7+ Kd6 44. Nb5+ Kc5 45. Rxb7 Rb4 46. Rc7 Rxb5 47. axb5 Kxb5 48. Ne5 Nxe5 49. Rxc1 a4 50. f4 Nd3 51. Rb1+ Kc5 52. Kf3 b5 53. Ke3 Nb4 54. Rc1+ Kd5 55. Kd2 Nc6 56. f5 gxf5 57. h4 Nd4 58. h5 Ke5 59. h6 Kf6 60. Rh1 1-0

[Event "Isle of Wight International"]
[Site "Ryde"]
[Date "2025.02.22"]
[Round "8.3"]
[White "Vestby-Ellingsen, Mads"]
[Black "Bogner, Sebastian"]
[Result "0-1"]
[WhiteElo "2406"]
[BlackElo "2540"]
[PlyCount "150"]
[EventDate "2025.02.18"]
[EventType "swiss"]
[EventRounds "9"]
[EventCountry "ENG"]
[SourceTitle "BritBase"]
[Source "John Saunders"]
[SourceDate "2025.02.21"]
[SourceVersion "1"]
[SourceVersionDate "2025.02.21"]
[SourceQuality "1"]

1. e4 c5 2. Nf3 d6 3. d4 cxd4 4. Nxd4 Nf6 5. Nc3 a6 6. f4 e5 7. Nf5 Nc6 8. Bc4 Be6 9. Bb3 g6 10. fxe5 Nxe5 11. Ne3 Bg7 12. O-O O-O 13. Ned5 Bxd5 14. Bxd5 Rc8 15. Kh1 b5 16. a3 Nc4 17. Bxc4 Rxc4 18. Qd3 Qe8 19. Qxd6 Nxe4 20. Nxe4 Qxe4 21. c3 Qe2 22. Kg1 Re8 23. Qd5 Qe6 24. Qf3 Re4 25. Bd2 Bf8 26. h3 f5 27. Rad1 Bc5+ 28. Kh1 Bd6 29. g3 h5 30. Bg5 Re2 31. Rf2 Re4 32. Kg2 Bc5 33. Rfd2 Re2+ 34. Kh1 Re1+ 35. Kg2 Re2+ 36. Kh1 Rxd2 37. Bxd2 Qe4 38. Qxe4 Rxe4 39. Bf4 h4 40. Bd6 Bf2 41. gxh4 Bxh4 42. Rd2 Kf7 43. Kg2 Bg5 44. Rc2 a5 45. b3 Ke6 46. Bc7 a4 47. bxa4 bxa4 48. c4 Re3 49. Ba5 Rxa3 50. c5 Ra1 51. c6 Rc1 52. Re2+ Kd5 53. c7 a3 54. Bb4 Rxc7 55. Bxa3 Rc3 56. Be7 Bf4 57. Bh4 Rd3 58. Bf2 Be5 59. Ra2 f4 60. h4 Ke4 61. Rc2 Ra3 62. Rd2 Ra5 63. Rc2 Kf5 64. Rc6 Rb5 65. Ra6 Rd5 66. Rc6 Bf6 67. Ra6 Rd2 68. Kf3 Rd3+ 69. Kg2 Rb3 70. Rc6 Ra3 71. Rd6 Be5 72. Rd5 f3+ 73. Kf1 Ra1+ 74. Be1 Ke4 75. Rd8 Bg3 0-1

[Event "Isle of Wight International"]
[Site "Ryde"]
[Date "2025.02.22"]
[Round "8.4"]
[White "Golding, Alex"]
[Black "Ghasi, Ameet K"]
[Result "1/2-1/2"]
[WhiteElo "2365"]
[BlackElo "2506"]
[PlyCount "33"]
[EventDate "2025.02.18"]
[EventType "swiss"]
[EventRounds "9"]
[EventCountry "ENG"]
[SourceTitle "BritBase"]
[Source "John Saunders"]
[SourceDate "2025.02.21"]
[SourceVersion "1"]
[SourceVersionDate "2025.02.21"]
[SourceQuality "1"]

1. e4 c6 2. Nf3 d5 3. d3 dxe4 4. dxe4 Qxd1+ 5. Kxd1 Nf6 6. Nbd2 g6 7. Ne1 h5 8. h4 Ng4 9. Ke2 b6 10. Nd3 Ba6 11. f3 Ne5 12. Kf2 Bxd3 13. Bxd3 Bh6 14. Nc4 Bxc1 15. Raxc1 Nbd7 16. Nxe5 Nxe5 17. Be2 1/2-1/2

[Event "Isle of Wight International"]
[Site "Ryde"]
[Date "2025.02.22"]
[Round "8.6"]
[White "Willow, Jonah B"]
[Black "Derakhshani, Borna"]
[Result "1/2-1/2"]
[WhiteElo "2459"]
[BlackElo "2355"]
[PlyCount "26"]
[EventDate "2025.02.18"]
[EventType "swiss"]
[EventRounds "9"]
[EventCountry "ENG"]
[SourceTitle "BritBase"]
[Source "John Saunders"]
[SourceDate "2025.02.21"]
[SourceVersion "1"]
[SourceVersionDate "2025.02.21"]
[SourceQuality "1"]

1. e4 c5 2. Nf3 Nc6 3. Bb5 e6 4. Bxc6 bxc6 5. b3 f6 6. d3 d6 7. O-O Ne7 8. c3 Ng6 9. d4 cxd4 10. cxd4 Be7 11. Qc2 Bb7 12. Nc3 O-O 13. Re1 Rc8 1/2-1/2

[Event "Isle of Wight International"]
[Site "Ryde"]
[Date "2025.02.22"]
[Round "8.7"]
[White "Badacsonyi, Stanley"]
[Black "Turner, Matthew J"]
[Result "1/2-1/2"]
[WhiteElo "2307"]
[BlackElo "2438"]
[PlyCount "42"]
[EventDate "2025.02.18"]
[EventType "swiss"]
[EventRounds "9"]
[EventCountry "ENG"]
[SourceTitle "BritBase"]
[Source "John Saunders"]
[SourceDate "2025.02.21"]
[SourceVersion "1"]
[SourceVersionDate "2025.02.21"]
[SourceQuality "1"]

1. d4 d5 2. c4 c6 3. cxd5 cxd5 4. Bf4 Nc6 5. e3 Nf6 6. Nc3 Bg4 7. f3 Bd7 8. g4 e6 9. Rc1 Rc8 10. Bd3 Na5 11. b3 Ba3 12. Rc2 Nc6 13. Nb5 Qa5+ 14. Kf2 O-O 15. Nxa3 Qxa3 16. Kg3 Nb4 17. Bd6 Rxc2 18. Bxc2 Rc8 19. Bxb4 Qxb4 20. Ne2 Bb5 21. Bd3 Bxd3 1/2-1/2

[Event "Isle of Wight International"]
[Site "Ryde"]
[Date "2025.02.22"]
[Round "8.9"]
[White "Czopor, Maciej"]
[Black "Tomaszewski, Kacper"]
[Result "1-0"]
[WhiteElo "2409"]
[BlackElo "2348"]
[PlyCount "89"]
[EventDate "2025.02.18"]
[EventType "swiss"]
[EventRounds "9"]
[EventCountry "ENG"]
[SourceTitle "BritBase"]
[Source "John Saunders"]
[SourceDate "2025.02.21"]
[SourceVersion "1"]
[SourceVersionDate "2025.02.21"]
[SourceQuality "1"]

1. e4 c5 2. Nf3 Nc6 3. Bb5 d5 4. Nc3 dxe4 5. Bxc6+ bxc6 6. Nxe4 Nf6 7. Qe2 Qd5 8. d3 Bg4 9. h3 Bxf3 10. Qxf3 Nxe4 11. dxe4 Qc4 12. b3 Qd4 13. Rb1 Qf6 14. Qxf6 exf6 15. Ke2 O-O-O 16. Be3 Bd6 17. Rhd1 Rhe8 18. Kf3 Re6 19. Rd3 Rde8 20. Rbd1 Bc7 21. Rd7 Rxe4 22. Rxf7 R4e7 23. Rxe7 Rxe7 24. Bxc5 Re5 25. Be3 Bb6 26. Rd3 Rf5+ 27. Ke2 h5 28. g4 hxg4 29. hxg4 Re5 30. a4 Kc7 31. Kf3 g5 32. Bd2 Re7 33. a5 Bc5 34. b4 Bd6 35. c3 Rh7 36. Be3 c5 37. b5 Rh3+ 38. Ke4 Rh8 39. Rd5 Re8+ 40. Kf5 c4 41. Kxf6 a6 42. Bb6+ Kd7 43. Bc5 Re6+ 44. Kf5 axb5 45. a6 1-0

[Event "Isle of Wight International"]
[Site "Ryde"]
[Date "2025.02.22"]
[Round "8.10"]
[White "Tsakiris, Haralambos"]
[Black "Roberson, Peter T"]
[Result "0-1"]
[WhiteElo "2178"]
[BlackElo "2444"]
[PlyCount "76"]
[EventDate "2025.02.18"]
[EventType "swiss"]
[EventRounds "9"]
[EventCountry "ENG"]
[SourceTitle "BritBase"]
[Source "John Saunders"]
[SourceDate "2025.02.21"]
[SourceVersion "1"]
[SourceVersionDate "2025.02.21"]
[SourceQuality "1"]

1. d4 Nf6 2. c4 e6 3. Nc3 d5 4. cxd5 exd5 5. Bg5 Be7 6. e3 O-O 7. Bd3 Re8 8. Bxf6 Bxf6 9. Qh5 g6 10. Qxd5 Bxd4 11. Qxd8 Bxc3+ 12. bxc3 Rxd8 13. Ke2 Nd7 14. Nf3 Nc5 15. Bc4 Ne4 16. Rac1 b5 17. Bd3 Rxd3 18. Kxd3 Nxf2+ 19. Kd4 Bb7 20. Kc5 Re8 21. Rhf1 Nd3+ 22. Kxb5 Nxc1 23. Rxc1 Rxe3 24. Rc2 Be4 25. Rc1 Re2 26. a4 Rxg2 27. Nd4 Rxh2 28. Re1 f5 29. Ne6 Rb2+ 30. Kc5 h5 31. Ng5 h4 32. Nxe4 fxe4 33. Rxe4 h3 34. Rh4 h2 35. Kd4 g5 36. Rh5 g4 37. Ke4 g3 38. Kf3 Rb1 0-1

[Event "Isle of Wight International"]
[Site "Ryde"]
[Date "2025.02.22"]
[Round "8.11"]
[White "Khoury, Theo"]
[Black "Zhou, Yang-Fan"]
[Result "1/2-1/2"]
[WhiteElo "2124"]
[BlackElo "2427"]
[PlyCount "125"]
[EventDate "2025.02.18"]
[EventType "swiss"]
[EventRounds "9"]
[EventCountry "ENG"]
[SourceTitle "BritBase"]
[Source "John Saunders"]
[SourceDate "2025.02.21"]
[SourceVersion "1"]
[SourceVersionDate "2025.02.21"]
[SourceQuality "1"]

1. e4 c5 2. Nf3 Nc6 3. d4 cxd4 4. Nxd4 Nf6 5. Nc3 h5 6. Be2 g6 7. Nxc6 bxc6 8. e5 Nh7 9. Be3 Bg7 10. f4 O-O 11. O-O d6 12. exd6 exd6 13. Bd4 Nf6 14. Bf3 d5 15. Na4 Bf5 16. Nc5 a5 17. Re1 Qd6 18. g3 Rfb8 19. Nd3 Nd7 20. Bxg7 Kxg7 21. Qd2 Bxd3 22. cxd3 Qb4 23. Qxb4 Rxb4 24. Re7 Nc5 25. Rc1 Ne6 26. Rxc6 Nd4 27. Rcc7 Nxf3+ 28. Kf2 Rf8 29. Kxf3 Rxb2 30. Re2 Rfb8 31. Ree7 Rf8 32. Re2 Rxe2 33. Kxe2 Rb8 34. Rc2 Rb4 35. Kd2 Kf6 36. Rc5 Rb2+ 37. Ke3 Rxa2 38. Rxd5 a4 39. Ra5 a3 40. Ra6+ Ke7 41. Kf3 Ra1 42. Kg2 Kd7 43. d4 Kc7 44. d5 Kb7 45. Ra4 Kb6 46. d6 Kc6 47. Ra6+ Kd7 48. h4 Ke6 49. Kh3 Ra2 50. Ra7 Kxd6 51. Rxf7 Re2 52. Ra7 a2 53. g4 Kd5 54. f5 gxf5 55. gxf5 Ke5 56. Ra5+ Kf6 57. Kg3 Rb2 58. Kf4 Rb4+ 59. Kg3 Rb3+ 60. Kf4 Rb4+ 61. Kg3 Rg4+ 62. Kh3 Rg1 63. Rxa2 1/2-1/2

[Event "Isle of Wight International"]
[Site "Ryde"]
[Date "2025.02.22"]
[Round "8.12"]
[White "Greet, Andrew N"]
[Black "Dorrance, Adam"]
[Result "1/2-1/2"]
[WhiteElo "2398"]
[BlackElo "2284"]
[PlyCount "108"]
[EventDate "2025.02.18"]
[EventType "swiss"]
[EventRounds "9"]
[EventCountry "ENG"]
[SourceTitle "BritBase"]
[Source "John Saunders"]
[SourceDate "2025.02.21"]
[SourceVersion "1"]
[SourceVersionDate "2025.02.21"]
[SourceQuality "1"]

1. c4 e6 2. g3 d5 3. Bg2 Nf6 4. Nf3 d4 5. O-O Nc6 6. d3 Bc5 7. Nbd2 a5 8. Nb3 Be7 9. e3 dxe3 10. Bxe3 Ng4 11. Bc5 O-O 12. d4 a4 13. Bxe7 Qxe7 14. Nc1 Rd8 15. Ne2 e5 16. h3 Nf6 17. d5 e4 18. Nfd4 Ne5 19. Qc2 Qc5 20. b3 Nf3+ 21. Nxf3 exf3 22. Bxf3 Bxh3 23. b4 Qxb4 24. Rfb1 Qa3 25. Qc3 Qxc3 26. Nxc3 Bc8 27. Rb4 Ra5 28. Rxa4 Rxa4 29. Nxa4 Kf8 30. Nc3 b6 31. Nb5 Ba6 32. Rc1 Bxb5 33. cxb5 Ne8 34. a4 Ke7 35. g4 Rd6 36. Kf1 Kd8 37. Ke2 Nf6 38. Rd1 Nd7 39. Ke3 g5 40. Be4 Rh6 41. f3 Nc5 42. Ra1 Nb7 43. Kd4 Rh2 44. Ke5 Ke7 45. Rc1 f6+ 46. Kd4 Nc5 47. Rxc5 bxc5+ 48. Kxc5 Ra2 49. d6+ cxd6+ 50. Kb4 Kd8 51. a5 Rb2+ 52. Kc4 Ra2 53. Kb4 Rb2+ 54. Kc4 Ra2 1/2-1/2

[Event "Isle of Wight International"]
[Site "Ryde"]
[Date "2025.02.22"]
[Round "8.13"]
[White "Schell, Finn"]
[Black "Houska, Jovanka"]
[Result "1/2-1/2"]
[WhiteElo "1887"]
[BlackElo "2344"]
[PlyCount "58"]
[EventDate "2025.02.18"]
[EventType "swiss"]
[EventRounds "9"]
[EventCountry "ENG"]
[SourceTitle "BritBase"]
[Source "John Saunders"]
[SourceDate "2025.02.21"]
[SourceVersion "1"]
[SourceVersionDate "2025.02.21"]
[SourceQuality "1"]

1. e4 c6 2. d4 d5 3. exd5 cxd5 4. Bd3 Nf6 5. h3 Nc6 6. c3 e5 7. dxe5 Nxe5 8. Nf3 Nxd3+ 9. Qxd3 Be7 10. O-O O-O 11. Be3 Re8 12. Nbd2 b6 13. Rfe1 Bb7 14. Rad1 Qc7 15. Nd4 Bc5 16. Qf5 a6 17. Bf4 Qc8 18. Be5 Bxd4 19. Qxc8 Bxf2+ 20. Kxf2 Raxc8 21. Bxf6 gxf6 22. Rxe8+ Rxe8 23. Nf1 Re5 24. Ne3 f5 25. Rd4 Kg7 26. Rb4 b5 27. a4 Bc6 28. axb5 axb5 29. Nc2 Re4 1/2-1/2

[Event "Isle of Wight International"]
[Site "Ryde"]
[Date "2025.02.22"]
[Round "8.14"]
[White "Fischer, Daniel"]
[Black "Li, Harry"]
[Result "1/2-1/2"]
[WhiteElo "2341"]
[BlackElo "2204"]
[PlyCount "75"]
[EventDate "2025.02.18"]
[EventType "swiss"]
[EventRounds "9"]
[EventCountry "ENG"]
[SourceTitle "BritBase"]
[Source "John Saunders"]
[SourceDate "2025.02.21"]
[SourceVersion "1"]
[SourceVersionDate "2025.02.21"]
[SourceQuality "1"]

1. e4 e5 2. Nf3 Nc6 3. Bb5 a6 4. Ba4 Nf6 5. O-O b5 6. Bb3 Bc5 7. c3 d6 8. d4 Bb6 9. Be3 O-O 10. Nbd2 Re8 11. h3 exd4 12. cxd4 Na5 13. Bc2 Bb7 14. a4 Nc4 15. Nxc4 bxc4 16. Nd2 Bxe4 17. Bxe4 Nxe4 18. Nxc4 Rb8 19. Qd3 d5 20. Ne5 Qd6 21. Qxa6 Bxd4 22. Qxd6 cxd6 23. Nc6 Bxb2 24. Nxb8 Bxa1 25. Nc6 Bf6 26. a5 Rc8 27. a6 Rxc6 28. a7 Ra6 29. Rb1 g5 30. Rb8+ Kg7 31. a8=Q Rxa8 32. Rxa8 d4 33. f3 dxe3 34. fxe4 h5 35. Kf1 Be5 36. Ke2 Bf4 37. Kf3 h4 38. Ra5 1/2-1/2

[Event "Isle of Wight International"]
[Site "Ryde"]
[Date "2025.02.22"]
[Round "8.15"]
[White "Radeva, Viktoria"]
[Black "Boswell, Jacob Connor"]
[Result "1/2-1/2"]
[WhiteElo "2303"]
[BlackElo "2214"]
[PlyCount "54"]
[EventDate "2025.02.18"]
[EventType "swiss"]
[EventRounds "9"]
[EventCountry "ENG"]
[SourceTitle "BritBase"]
[Source "John Saunders"]
[SourceDate "2025.02.21"]
[SourceVersion "1"]
[SourceVersionDate "2025.02.21"]
[SourceQuality "1"]

1. e4 c5 2. Nf3 Nc6 3. d4 cxd4 4. Nxd4 e5 5. Nb5 d6 6. c4 g6 7. N1c3 a6 8. Na3 Bg7 9. Nc2 Be6 10. Be2 Nf6 11. O-O O-O 12. Be3 Rc8 13. f3 Nh5 14. Nd5 Nf4 15. Qd2 Bxd5 16. cxd5 Nb8 17. Rac1 f5 18. Bd3 Bh6 19. exf5 gxf5 20. Na3 Nxd3 21. Qxd3 Bxe3+ 22. Qxe3 f4 23. Qd2 Rf7 24. Rxc8 Qxc8 25. Rc1 Rc7 26. Rxc7 Qxc7 27. g3 fxg3 1/2-1/2